000 00267pam a2200121 a 4500
020 _c
041 _aeng
100 _aPotter Stephen.
245 _aOne-Upmanship
_hTextual Documents
260 _aNew York
_bPenguin Books Ltd
_c1962
300 _a150p.
930 _a15504
999 _c92404
_d92404